|
|
|
|
| LEADER |
00000cam a2200000 7i4500 |
| 001 |
0000007222 |
| 005 |
20151222.0 |
| 008 |
070828 |
| 020 |
|
|
|a 9833440339
|
| 090 |
0 |
0 |
|a JF
|b SC ENG (8075)
|
| 245 |
1 |
0 |
|a 21 Science experiments
|c Editor by Janis Peter
|
| 260 |
|
|
|a Kuala Lumpur :
|b Edaran Kemajuan ,
|c 2006
|
| 440 |
|
|
|a Fun experiments
|
| 500 |
|
|
|a Children ages 7-9 years old (orange)
|
| 650 |
|
0 |
|a Junior fiction
|x English
|x Languages
|
| 650 |
|
0 |
|a Science experiments
|
| 999 |
|
|
|a 0000989300
|b Book
|c Children Collection
|e Perbadanan Perpustakaan Awam Johor
|
| 999 |
|
|
|a 0000989301
|b Book
|c Children Collection
|e Perbadanan Perpustakaan Awam Johor
|
| 999 |
|
|
|a 0001044954
|b Book
|c Children Collection
|e Cawangan Batu Pahat
|
| 999 |
|
|
|a 0001044955
|b Book
|c Children Collection
|e Cawangan Bandar Penawar
|
| 999 |
|
|
|a 0001076408
|b Book
|c Children Collection
|e Cawangan Taman Universiti
|
| 999 |
|
|
|a 0001146821
|b Book
|c Children Collection
|e Cawangan Segamat
|